Sudhajala Matsyakkrishi (Record no. 24873)

MARC details
000 -LEADER
fixed length control field 00343nam a2200133Ia 4500
008 - FIXED-LENGTH DATA ELEMENTS--GENERAL INFORMATION
fixed length control field 140316s9999 xx 000 0 und d
082 ## - DEWEY DECIMAL CLASSIFICATION NUMBER
Classification number 639.3
Item number MAT/SU
100 ## - MAIN ENTRY--PERSONAL NAME
Personal name Mathew ,V.M
245 ## - TITLE STATEMENT
Title Sudhajala Matsyakkrishi
260 ## - PUBLICATION, DISTRIBUTION, ETC. (IMPRINT)
Place of publication, distribution, etc. Thrissur
Name of publisher, distributor, etc. Kerala Agricultural University
Date of publication, distribution, etc. 1998
300 ## - PHYSICAL DESCRIPTION
Extent 144
700 ## - ADDED ENTRY--PERSONAL NAME
Personal name Mohanan ,M.V
942 ## - ADDED ENTRY ELEMENTS (KOHA)
Source of classification or shelving scheme Dewey Decimal Classification
Koha item type Reference Book
Holdings
Withdrawn status Lost status Source of classification or shelving scheme Damaged status Not for loan Home library Current library Shelving location Date acquired Total Checkouts Full call number Barcode Date last seen Price effective from Koha item type
    Dewey Decimal Classification     KAU Central Library, Thrissur KAU Central Library, Thrissur IR 18/03/2014   639.3 MAT/SU 807445 18/03/2014 18/03/2014 Reference Book
Kerala Agricultural University Central Library
Thrissur-(Dt.), Kerala Pin:- 680656, India
Ph : (+91)(487) 2372219
E-mail: librarian@kau.in
Website: http://library.kau.in/